| 000 | 00349nam a2200145 a 4500 | ||
|---|---|---|---|
| 001 | 342 | ||
| 003 | CDMR | ||
| 005 | 20130703120048.0 | ||
| 008 | 130130s1997||||||||||||||||||||||||||||d | ||
| 040 |
_aCDMR _bcat _cCPC GIRONA |
||
| 100 | 1 |
_aGasch, Sebastian _9232 |
|
| 245 | 1 | 0 |
_aBarcelona de nit _cGasch, SebastiĆ |
| 260 |
_c1997 _bParsifal |
||
| 942 |
_cMON _2udc |
||
| 999 |
_c342 _d342 |
||